|
|
|
|
| LEADER |
01331nam a2200337 i 4500 |
| 001 |
3030 |
| 003 |
BD-DhAAL |
| 005 |
20150618095131.0 |
| 008 |
150618s1982 cau b 001 0 eng |
| 010 |
|
|
|a 80023801
|
| 020 |
|
|
|a 0891304304
|
| 020 |
|
|
|a 0891304312 (pbk.)
|
| 040 |
|
|
|a DLC
|c DLC
|d DLC
|d BD-DhAAL
|
| 050 |
0 |
0 |
|a PA4276
|b .K57 1982
|
| 082 |
0 |
0 |
|a 884/.01
|2 19
|
| 100 |
1 |
|
|a Kirkwood, Gordon MacDonald,
|d 1916-
|9 12243
|
| 245 |
1 |
0 |
|a Selections from Pindar :
|b edited with an introduction and commentary /
|c by Gordon Kirkwood.
|
| 260 |
|
|
|a Chico, CA :
|b Scholars Press,
|c c1982.
|
| 300 |
|
|
|a 361 p. ;
|c 24 cm.
|
| 490 |
1 |
|
|a Textbook series - American Philological Association ; no. 7
|
| 500 |
|
|
|a Text in Greek; commentary in English.
|
| 504 |
|
|
|a Includes bibliographical references and indexes.
|
| 541 |
|
|
|e 3030
|
| 600 |
0 |
0 |
|a Pindar
|x Criticism and interpretation.
|9 12244
|
| 650 |
|
0 |
|a Laudatory poetry, Greek
|x History and criticism.
|9 12245
|
| 650 |
|
0 |
|a Laudatory poetry, Greek.
|9 12246
|
| 700 |
0 |
2 |
|a Pindar.
|9 12247
|
| 830 |
|
0 |
|a Textbook series (American Philological Association) ;
|v no. 7.
|9 12248
|
| 942 |
|
|
|2 ddc
|c BK
|
| 999 |
|
|
|c 34773
|d 34773
|
| 952 |
|
|
|0 0
|1 0
|2 ddc
|4 0
|6 884_010000000000000_KIR
|7 0
|9 54393
|a SCL
|b SCL
|c GEN
|d 2015-06-18
|e Gift: The Asia Foundation
|l 0
|o 884.01 KIR
|p 3020003030
|r 2015-06-18
|t 1
|w 2015-06-18
|y BK
|